Major chemical & petrochemical companies of the world 2012.
| Format: | Book |
|---|---|
| Published: |
London:
Graham & Whiteside,
2012.
|
| Subjects: |
| LEADER | 00492cam a2200145 7i4500 | ||
|---|---|---|---|
| 001 | 0000029099 | ||
| 005 | 20130722090000.0 | ||
| 020 | 0 | 0 | |a 9781860997334 |
| 090 | 0 | 0 | |a 338.4766025 |b MAJ |
| 245 | 0 | 0 | |a Major chemical & petrochemical companies of the world 2012. |
| 260 | 0 | 0 | |a London: |b Graham & Whiteside, |c 2012. |
| 300 | # | # | |a 1098 p. |
| 650 | 0 | 0 | |a Chemical companies -- |x Directories |
| 650 | 0 | 0 | |a Petrochemical companies -- |x Directories |
| 999 | |a B000032651 |b Directories |c International |e Business Information Centre | ||


